Former US State Capitals - Statistics

General Stats
  • This quiz has been taken 61 times
  • The average score is 15 of 48
Answer Stats
State Year Answer % Correct
1776-1777; 1788-1797 New York
88%
1776-1778; 1782-1782; 1784-1786 Savannah
82%
Pennsyvlania 1776-1799 Philadelphia
80%
Michigan 1837-1847 Detroit
78%
1812-1829; 1864-1882 New Orleans
78%
1778-1780; 1781-1782; 1786-1796 Augusta
64%
Connecticut 1776-1874 New Haven
64%
Maine 1820-1832 Portland
64%
1864-1865 Macon
60%
1796-1807; 1807-1812; 1817-1818 Knoxville
56%
1776-1853; 1854-1899 Newport
56%
California 1850-1852 San Jose
52%
Iowa 1846-1857 Iowa City
46%
Alabama 1819-1820 Huntsville
44%
1826-1846 Tuscaloosa
44%
West Virginia 1863-1870; 1875-1885 Wheeling
40%
1799-1812 Lancaster
30%
1789-1793 Fayetteville
26%
Mississippi 1817-1821 Natchez
26%
Delaware 1776-1777 New Castle
26%
1777-1788 Poughkeepsie
26%
Virginia 1776-1780 Williamsburg
26%
1776-1853 Bristol
22%
1804-1865; 1865-1868 Milledgeville
20%
North Carolina 1776-1789 New Bern
20%
South Carolina 1776-1786 Charlestown
18%
New Hampshire 1776-1808 Exeter
18%
Missouri 1821-1826 Saint Charles
18%
Indiana 1816-1825 Corydon
16%
Oklahoma 1907-1910 Guthrie
16%
New York 1777-1777 Kingston
16%
Tennessee 1807-1807 Kingston
16%
1818-1826 Murfreesboro
16%
Ohio 1810-1812 Zanesville
16%
1803-1810; 1812-1816 Chillicothe
14%
Illinois 1818-1819 Kaskaskia
14%
1796-1804 Louisville
12%
1852-1853 Vallejo
12%
1819-1839 Vandalia
12%
1853-1854 Benicia
10%
1820-1826 Cahaba
6%
Georgia 1780-1781 Heard's Fort
6%
1776-1853 South Kingstown
6%
Vermont 1791-1805 Windsor
6%
Rhode Island 1776-1853 East Greenwich
4%
1782-1784 Ebenezer
4%
Louisiana 1829-1831 Donaldsville
2%
1777-1777 Hurley
2%
No matching quizzes found
Score Distribution
Percent of People with Each Score
Percentile by Number Answered
Your Score History
You have not taken this quiz